| 000 | 00366cam a22001097a 4500 | ||
|---|---|---|---|
| 008 | 180718b1954 xxu||||| |||| 00| 0 eng d | ||
| 082 | _aX6x6 | ||
| 100 | _aPollitt, H.W.W. | ||
| 245 |
_aColonial road problems: impressions from visits to East Africa and Northern Rhodesia _cby H.W.W. Pollitt |
||
| 260 |
_aLondon _bHer Majesty's Stationery Office _c1954 |
||
| 300 | _a77+p. | ||
| 999 |
_c425283 _d425283 |
||